000 00953cam a22002175a 4500
001 L150779
008 100902s2010 xxk f 000 0 eng d
035 _a(Sirsi) u150779
041 0 _aeng
050 0 4 _a690.026 $2 18
110 2 _aCMS Cameron McKenna
_95874
245 0 0 _aConstruction
_bsub-contractors, concurrent duty of care in contract and tort
_h[electronic resource]
260 _aLondon
_bCMS Cameron McKenna LLP
_c2010
490 0 _aLaw-Now Article
520 _aThe Technology and Construction Court (TCC) has held that a sub-contractor may owe a duty in tort to its direct contractor, in addition to the duties it owes in contract.
590 _aKA NTK
651 4 _aEngland and Wales
_y1543-
690 _aConstruction management
_96230
856 4 0 _uhttps://www.law-now.com/DirectMail/%7B82F736C1-3B25-4FB6-BF34-3DA96194FBD0%7D_construction%20subcontractorssept10.htm
_zView the item free of charge at www.law-now.com
942 _n0
999 _c110979
_d110979